000 00767nam0a2200253 4500
001 RU\NLR\BIBL_A\011969426
005 20250626161512.0
010 _95000
035 _a(NLR Aleph) 011969426
090 _a13422019
_c13422019
100 _a20190323d1955 |||y0rusy50 ca
101 0 _achv
102 _aRU
105 _ac z 000 y
200 1 _aКӗске калавсем
_fИван Мучи
210 _aШупашкар
_cЧӑваш АССР Гос. Изд-ви
_d1955
215 _a38, [2] с.
_cпортр.
_d20
541 1 _aКороткие рассказы
_zrus
686 1 _aШ6(2=Чув)7-4
700 1 _aМучи
_bИ. И.
_f1895-1946
_gИван Иванович
_4070
852 _aNLR
_bОНЛ
_jЧув./2-1323
942 _cBOOK
980 _aNB